LEADER 01306nam a2200313 a 4500 001 000000123098 003 CaOOAMICUS 005 20100927140505.0 008 100927t2009 uk dc u000 u eng r 020 $z9781841133270* 040 $aPUL$bita 082 04$a341 245 00$aLegal institutions and collective memories /$cedited by Susanne Karstedt. 260 $aOxford ; Portland, Or. :$bHart,$c©2009. 300 $axvii, 409 p. ;$c24 cm 490 1 $aOñati international series in law and society 500 $aInclude indici. 504 $aBibliografia in nota. 650 4$aGiustizia amministrativa.$0(OLS)http://pul/subject/23061 700 1 $aKarstedt, Susanne.$0(OLS)http://pul/name/77415 830 0$aOñati international series in law and society.$0(OLS)http://pul/title/119491 850 $aPUL 852 $aPUL$W1$xSL Diritto e Scienze Sociali 3$y79$m341. 7 KERSU 1$j141463$qDDC 21$B140498$CPULBib$Z2$F140498 $H113120 $82 941 1 $a9 996 $6020$z9781841133270*$9(OLS)http://pul/number/145450 996 $6082$a341$9(OLS)http://pul/classification/387 996 $6245$aLegal institutions and collective memories$9(OLS)http://pul/title/155145 996 $6260$aOxford ; Portland, Or. :$bHart$9(OLS)http://pul/publisher/78630 LEADER 01217nam a2200313 u 4500 001 000000047935 003 CaOOAMICUS 005 20070226114936.0 008 000314s1999 it u000 u ita u 020 $a887094381X 035 $a10843577 040 $aPUL$bita 100 1 $aMondin, Battista,$cS.X.,$d1926-2015.$0(OLS)http://pul/name/421 245 10$aOntologia, metafisica /$cBattista Mondin. 260 $aBologna :$bEd. Studio Domenicano,$c1999. 300 $a383 p. ;$c22 cm 490 1 $aManuale di filosofia sistematica ;$v3 500 $aContiene indici. 504 $aBibliografia in nota. 650 4$aOntologia.$0(OLS)http://pul/subject/4424 650 4$aMetafisica.$0(OLS)http://pul/subject/433 830 0$aManuale di filosofia sistematica ;$v3.$0(OLS)http://pul/title/64517 850 $aPUL 852 $aPUL$W1$xSL Filosofia 1$y2$m84 L 110$j63967$nBK-PRI$b $qStampati$B63967$CPULBib$Z2$F63967 $H $81 941 1 $a8 961 $aINV: 81312 996 $6020$a887094381X$9(OLS)http://pul/number/60057 996 $6245$aOntologia, metafisica$9(OLS)http://pul/title/64530 996 $6260$aBologna :$bEd. Studio Domenicano$9(OLS)http://pul/publisher/52107